AGE-related clinical features of rheumatoid arthritis (RA) in male patients

Bibliographic Details
Main Authors: Prokaeva, T. (Author), Alekberova, Z. (Author), Speransky, A. (Author)
Format: Article
Language:Slovak
English
Subjects:

MARC

LEADER 00000nab a2200000 a 4500
001 vtls000598504
003 SK-MaSNL
005 20260304094914.0
008 250425c1996 xo 0 slo
015 |a SNBRB19rr/mm-uuuuu 
035 |a CL0598643 
035 |a urn:nbn:sk:snk-ab6tgo 
035 |a (uuid)6f10a775-b8d6-4f54-8dab-d473fa4b3af6 
035 |a (urnnbn)urn:nbn:sk:snk:ar-a07f49 
035 |a (sysno)vtls000598504 
040 |a SNKBUCL  |b slo  |c SNKBUCL  |e AACR2 
041 0 |a eng 
044 |a xo  |c SK 
080 |a 616.72-002.77  |2 1981 
100 1 |a Prokaeva, T.  |4 aut  |9 1391711 
245 1 0 |a AGE-related clinical features of rheumatoid arthritis (RA) in male patients  |c T. Prokaeva, Z. Alekberova, A. Speransky 
650 0 7 |a reumatoidná artritída  |2 snkbucl  |9 28588 
655 7 |a články z novín a časopisov  |2 snkbucl  |9 267496 
700 1 |a Alekberova, Z.  |4 aut  |9 1383775 
700 1 |a Speransky, A.  |4 aut  |9 1391712 
773 0 |t Rheumatologia. Supplement 1  |g Roč. 10 (1996), s. 12 
850 |a Slovenská národná knižnica 
852 |a Slovenská národná knižnica 
958 |a article27 
958 |a RK 
958 |a MI 
958 |a NX 
958 |a OND 
958 |a EUIPO 
992 |a RBX 
999 |c 2829593  |d 2831523